000 00539nam a22001937a 4500
003 KOHA_MİRAKIL
005 20251123125859.0
008 251123b tu ||||| |||| 00| 0 tur d
020 _a9789750525889
040 _aTR-AnABB
_btur
_cTR-AnABB
041 _atur
082 _a813.42
_bSEN 2020
100 1 _aŞenkon, Attila,
245 1 0 _aYalan satıcısı /
_cAttila Şenkon
260 _aİstanbul :
_bİletişim Yayıncılık,
_c2020
300 _a119 sayfa ;
_c20 cm
650 0 4 _aTürk edebiyatı, roman
942 _2ddc
_cBK
999 _c9553
_d9553
900 _bGizem YORULMAZ